| 000 | 00860nas a2200277 4500 | ||
|---|---|---|---|
| 001 | BR9204556 | ||
| 003 | BR-BrBNA | ||
| 005 | 20231205092740.0 | ||
| 007 | ta | ||
| 008 | 230509b bl.|||p| |||| 00| 00por d | ||
| 040 |
_aBR-BrBNA _bpor _cBiblioteca Nacional de Agricultura |
||
| 041 | _a(Pt) | ||
| 072 | _aF04 | ||
| 100 | 1 | _aZago, A. | |
| 100 | 1 | _aKaminski, J. | |
| 245 | 1 | _aEficiencia de fertilizantes fosfatados no suprimento de fosforo numa sucessao de cultivos em solos de diferentes caracteristicas | |
| 650 | _aSORGO | ||
| 650 | _aSOJA | ||
| 650 | _aADUBACAO | ||
| 650 | _aFERTILIZANTE FOSFATADO | ||
| 650 | _aFOSFORO | ||
| 650 | _aCULTIVO DO SOLO | ||
| 773 | 0 |
_tRevista do Centro de Ciencias Rurais (Brazil) _xISSN 0085-5901 _g(Sep 1979), v. 9(3) p. 299-313 _wBR9204556 |
|
| 909 |
_a202311 _bLúcia _c55 _dLúcia Elande |
||
| 942 |
_2AGRIS _n0 _cANA |
||
| 999 |
_c133883 _d133883 |
||